03388cam a22005534i 4500003000900000005001700009008004100026035001900067040003300086082002100119082002200140100003800162245005300200264005800253300004500311336002100356337002500377338002300402504002800425505064000453526001001093526001001103526001001113526001001123526000801133526000801141526000801149526000801157526000801165526000801173526000801181600003801189600002901227650004001256910002101296910001701317942001401334949013701348949014901485949014901634949014901783596000801932999016001940999017302100999015902273999017302432980005502605952017402660PE-LiUPU20250731173317.0150625s2006 pe a r 000 0 d a(Sirsi) a37597 aPE-LiUPUbspacPE-LiUPUerda04a232.954bV6222104a232.954bV62 20061 aVictoriano, Miguel Angel,eautor.10aConociendo a Jesús /cMiguel Angel Victoriano. 1aJuliaca, Perú :bUnivesidad Peruana Unión,c2006. a164 páginas :bilustraciones ;c19 cm. atext2rdacontent aunmediated2rdamedia avolume2rdacarrier aBibliografía: p. 164.0 aJesús el centro de las Escituras -- Jesús me habla por su palabra -- En el campo de batalla con Jesús -- Jesús nos presenta al Padre y al Espìritu Santo -- Jesús nos cuenta sobre el principio de todo -- Jesús el Hijo de Dios e hijo del hombre -- Agua, pan y vino, símbolos de mi entrega permanente a Jesús -- ¿Dónde está Jesús hoy? ¿Y qué está haciendo por mí? -- Conociendo la voluntad de Dios -- El día dedicado a Jesús -- Jesús entrega un regalo especial a su iglesia -- Viviendo la vida con Jesús -- Jesús crea la familia -- Jesús anuncia: "continuará" -- Cuando el fin es el comienzo. aSEG42 aSEG41 aSEG40 aSEG39 aP94 aP87 aP86 aP85 aP77 aP76 aP351 aJesucristoxEnseñanza bíblica1 aJesucristovMeditaciones04aSalvaciónxEnseñanza bíblica. bjvcjvd20060906 tqvd20180213 2ddccBOOK a232.954 V62wDEWEYc1i56609lCCODEBUL1mBULp5.00r0sYtBOOKu2015-06-25xBIBLIOTECAzUNKNOWN0COMPRAo.STAFF. Colección General a232.954 V62 2006wDEWEYc1iFJ10244lCCODEBUJ1mBUJp5.00r0sYtBOOKu2017-02-13xEDUCACIÓNPP140COMPRAo.STAFF. Colección General Juliaca a232.954 V62 2006wDEWEYc2iFJ10245lCCODEBUJ1mBUJp5.00r0sYtBOOKu2017-02-13xEDUCACIÓNPP140COMPRAo.STAFF. Colección General Juliaca a232.954 V62 2006wDEWEYc3iFJ10246lCCODEBUJ1mBUJp5.00r0sYtBOOKu2017-02-13xEDUCACIÓNPP140COMPRAo.STAFF. Colección General Juliaca a1 3 a232.954 V62wDEWEYc45788i56609f2021-11-10g4lCCODEBUL1mBULp5.00r0sYtBOOKu2015-6-25xTEOLOGIAzUNKNOWN0COMPRAo.STAFF. Colección Generald45788 a232.954 V62 2006wDEWEYc1iFJ10244d2018-6-11f2022-2-3g3lCCODEBUJ1mBUJp5.00q1r0sYtBOOKu2018-2-13xEDUCACIONPP140COMPRAo.STAFF. Colección General Juliaca a232.954 V62 2006wDEWEYc2iFJ10245f2022-2-3g3lCCODEBUJ1mBUJp5.00r0sYtBOOKu2018-2-13xEDUCACIONPP140COMPRAo.STAFF. Colección General Juliaca a232.954 V62 2006wDEWEYc3iFJ10246d2019-5-31f2022-2-3g3lCCODEBUJ1mBUJp5.00q1r0sYtBOOKu2018-2-13xEDUCACIONPP140COMPRAo.STAFF. Colección General Juliaca 81gALBERTO SANCHEZ Responsable de Automatización r2025-12-03 00:00:00i5l0o232.954 V62p56609te1v10.00w2015-06-25xFACIHEDyBKzinventario-2023-12-13102ddc50708GENfP14aBULbBULcGENd2015-06-25eCOMPRAg5.00